004380000a2200133000450024500730000065000130007365000160008665000320010265100470013465300380018104100130021910000200023277300520025210aNotes on the natural history of some small mammals in central Brazil14aCerrados14aMamíferos14aComposición del hábitat 4lParque Nacional Sierra de CanastrapBrasil gChrysocyoneChrysocyon brachyurus0 aInglés1 aDietz, James M.1 tJournal of Mammalogy3106h3q521-523d1983g64